NBA general knowledge hard - Statistics

General Stats
  • This quiz has been taken 106 times
  • The average score is 6 of 15
Answer Stats
Hint Answer % Correct
how many times has an NBA player averaged a triple double 6
81%
what NBA player is known as "Big Shot Bob" Robert Horry
69%
how many finals appearances does the LA Lakers have 32
64%
What NBA team won the 1978 NBA Championship Baltimore Bullets
59%
what is the most amount of games a team can play (regular season + playoffs) 112
55%
which NBA team won the NBA championship as the lowest seed to do so Houston Rockets
44%
what raptors player was caught gambling on his own stats Jontay Porter
44%
what is the most amount of points scored by a player in one game WITHOUT a missed field goal 42
31%
how many points did Andre Ingram score in his NBA debut 19
29%
what is the most amount of points scored in a game WITHOUT a missed shot (this includes free throws) 32
26%
who was the first player to have a quadruple-double Nate Thurmond
25%
what is LeBron's record in the conference finals (w-l) 10-2
24%
who was the first African American player drafted Chuck Cooper
11%
which NBA player as missed the most shots in an NBA finals game Rick Barry
3%
and who accomplished that feat Gary Payton
1%
No matching quizzes found
Score Distribution
Percent of People with Each Score
Percentile by Number Answered
Your Score History
You have not taken this quiz